5HLuxD.jpg

KING HENRY VIII SENIOR AND PRIMARY SCHOOL LIBRARY OPAC

Project fairy / (Record no. 3733)

000 -LEADER
fixed length control field 01734cam a2200349 i 4500
001 - CONTROL NUMBER
control field b0837156
003 - CONTROL NUMBER IDENTIFIER
control field OSt
005 - DATE AND TIME OF LATEST TRANSACTION
control field 20241004093517.0
008 - FIXED-LENGTH DATA ELEMENTS--GENERAL INFORMATION
fixed length control field 230814t20222022enka c 000 1 eng d
020 ## - INTERNATIONAL STANDARD BOOK NUMBER
International Standard Book Number 9780241567166
040 ## - CATALOGING SOURCE
Original cataloging agency ESL
Language of cataloging eng
Transcribing agency TAE
Modifying agency TAE
-- KH8
Description conventions rda
042 ## - AUTHENTICATION CODE
Authentication code nbic
082 ## - DEWEY DECIMAL CLASSIFICATION NUMBER
Classification number FIC WIL
100 1# - MAIN ENTRY--PERSONAL NAME
Personal name Wilson, Jacqueline,
Relator term author.
245 10 - TITLE STATEMENT
Title Project fairy /
Statement of responsibility, etc. Jacqueline Wilson ; illustrated by Rachael Dean.
264 #1 - PRODUCTION, PUBLICATION, DISTRIBUTION, MANUFACTURE, AND COPYRIGHT NOTICE
Place of production, publication, distribution, manufacture London :
Name of producer, publisher, distributor, manufacturer Puffin,
Date of production, publication, distribution, manufacture, or copyright notice 2022.
264 #4 - PRODUCTION, PUBLICATION, DISTRIBUTION, MANUFACTURE, AND COPYRIGHT NOTICE
Date of production, publication, distribution, manufacture, or copyright notice ©2022.
300 ## - PHYSICAL DESCRIPTION
Extent 319 pages :
Other physical details illustrations ;
Dimensions 23 cm.
336 ## - CONTENT TYPE
Content type term text
Content type code txt
Source rdacontent.
337 ## - MEDIA TYPE
Media type term unmediated
Media type code n
Source rdamedia.
338 ## - CARRIER TYPE
Carrier type term volume
Carrier type code nc
Source rdacarrier.
520 ## - SUMMARY, ETC.
Summary, etc. "Mab's mum is obsessed with fairies - she even named Mab after the Fairy Queen! Their flat is full of fairy ornaments, tiny fairy furniture and they've even got fairy lights in the toilet. Mab doesn't quite get it, but she knows that fairies make her mum happy, especially after Dad left. When Mab comes into school with a new fairy dress on her birthday, her teacher gives her a book all about Victorian fairies. She reads it with her mum and her little brother Robin, and she's surprised to see the drawings inside are nothing like the sweet fairies she imagined. But the biggest surprise of all is a tiny thing that tumbles out of the pages of the book"--Publisher's description.
521 1# - TARGET AUDIENCE NOTE
Target audience note Ages 8-12.
650 #0 - SUBJECT ADDED ENTRY--TOPICAL TERM
Topical term or geographic name entry element Fairies
Form subdivision Juvenile fiction.
650 #0 - SUBJECT ADDED ENTRY--TOPICAL TERM
Topical term or geographic name entry element Single-parent families
Form subdivision Juvenile fiction.
650 #0 - SUBJECT ADDED ENTRY--TOPICAL TERM
Topical term or geographic name entry element Single mothers
Form subdivision Juvenile fiction.
650 #0 - SUBJECT ADDED ENTRY--TOPICAL TERM
Topical term or geographic name entry element Magic
Form subdivision Juvenile fiction.
650 #0 - SUBJECT ADDED ENTRY--TOPICAL TERM
Topical term or geographic name entry element Schools
Form subdivision Juvenile fiction.
650 #0 - SUBJECT ADDED ENTRY--TOPICAL TERM
Topical term or geographic name entry element Friendship
Form subdivision Juvenile fiction.
700 1# - ADDED ENTRY--PERSONAL NAME
Personal name Dean, Rachael,
Relator term illustrator.
942 ## - ADDED ENTRY ELEMENTS (KOHA)
Source of classification or shelving scheme
Koha item type Books - Fiction
Holdings
Withdrawn status Lost status Source of classification or shelving scheme Damaged status Not for loan Collection code Permanent Location Current Location Shelving location Date acquired Total Checkouts Full call number Barcode Date last seen Date last checked out Price effective from Koha item type
          Fiction KH8 Senior School Library KH8 Senior School Library Fiction 2024-10-04 1 FIC WIL 3KHSL000102077 2024-11-28 2024-11-21 2024-10-04 Books - Fiction

Powered By KH8 IT Dept